000
00278nam a22001217a 4500
008
171025b xxu||||| |||| 00| 0 eng d
041
_a
eng
080
_2
4 ED
_a
311
100
_a
55
101
_a
STA
245
_a
READING STATISTICS AND RESEARCH
_c
HUCK.S.W
942
_2
udc
_c
BK
999
_c
35842
_d
35842